书目信息 |
| 题名: |
深入浅出Docker
|
|
| 作者: | 波尔顿 著 ;李瑞丰 , 刘康 译 | |
| 分册: | ||
| 出版信息: | 北京 人民邮电出版社 2019.04 |
|
| 页数: | 272页 | |
| 开本: | 24cm | |
| 丛书名: | ||
| 单 册: | ||
| 中图分类: | TP316.85 | |
| 科图分类: | ||
| 主题词: | Linux操作系统--Linuxcao zuo xi tong--程序设计 | |
| 电子资源: | ||
| ISBN: | 978-7-115-50489-0 | |
| 000 | 01089nam0 2200289 450 | |
| 001 | 0109110240 | |
| 005 | 20201109110340.0 | |
| 010 | @a978-7-115-50489-0@dCNY69.00 | |
| 100 | @a20190508e20202019em y0chiy50 ea | |
| 101 | 1 | @achi@ceng |
| 102 | @aCN@b110000 | |
| 105 | @aa z 000yy | |
| 106 | @ar | |
| 200 | 1 | @a深入浅出Docker@Ashen ru qian chu Docker@f(英)奈吉尔·波尔顿(Nigel Poulton)著@g李瑞丰, 刘康译 |
| 210 | @a北京@c人民邮电出版社@d2019.04@h2020.04 | |
| 215 | @a272页@c图@d24cm | |
| 305 | @a由作者授权出版 | |
| 312 | @a封面英文并列题名:Docker deep dive | |
| 330 | @a本书分为17章,从Docker概览和Docker技术两部分进行全面解析,介绍了Docker的相关知识,清晰详细的操作步骤结合大量的实际代码帮助读者学以致用,将Docker知识应用到真实的项目开发当中。 | |
| 510 | 1 | @aDocker deep dive@zeng |
| 606 | 0 | @aLinux操作系统@ALinuxcao zuo xi tong@x程序设计 |
| 690 | @aTP316.85@v5 | |
| 701 | 1 | @c(英)@a波尔顿@Abo er dun@c(Poulton, Nigel)@4著 |
| 702 | 0 | @a李瑞丰@Ali rui feng@4译 |
| 702 | 0 | @a刘康@Aliu kang@4译 |
| 801 | 0 | @aCN@bBJSZM@c20201103 |
| 905 | @b1241755-8@dTP316.85@e1015@f4 | |
| 深入浅出Docker/(英)奈吉尔·波尔顿(Nigel Poulton)著/李瑞丰, 刘康译.-北京:人民邮电出版社,2019.04(2020.04) |
| 272页:图;24cm |
| ISBN 978-7-115-50489-0:CNY69.00 |
| 本书分为17章,从Docker概览和Docker技术两部分进行全面解析,介绍了Docker的相关知识,清晰详细的操作步骤结合大量的实际代码帮助读者学以致用,将Docker知识应用到真实的项目开发当中。 |
| ● |
| 相关链接 |
|
|
|
|
正题名:深入浅出Docker
索取号:TP316.85/1015
 
预约/预借
| 序号 | 登录号 | 条形码 | 馆藏地/架位号 | 状态 | 备注 |
| 1 | 1241755 | 212417552 | 第二样本阅览室/ [索取号:TP316.85/1015] | 在馆 | |
| 2 | 1241756 | 212417561 | 第三借阅区/ [索取号:TP316.85/1015] | 在馆 | |
| 3 | 1241757 | 212417570 | 第三借阅区/ [索取号:TP316.85/1015] | 在馆 | |
| 4 | 1241758 | 212417589 | 第三借阅区/ [索取号:TP316.85/1015] | 在馆 |